000 00827nas a2200277 4500
001 BR2018000764
003 BR-BrBNA
005 20231205131306.0
007 ta
008 230509b bl.|||p| |||| 00| 00por d
040 _aBR-BrBNA
_bpor
_cBiblioteca Nacional de Agricultura
041 _a(Pt)
072 _aP11
100 1 _aHorbe, A.M.C.
100 1 _aGomes, I.L.F.
100 1 _aMiranda, S,F.
100 1 _aSilva, M. do S.R. da
245 1 _aContribuição à hidroquímica de drenagens no município de Manaus, AM
650 _aDRENAGEM
650 _aAGUA DE DRENAGEM
650 _aPROPRIEDADE FISICO-QUIMICA
650 _aAMAZONAS
773 0 _tActa Amazônica (Brazil)
_xISSN 0044-5967
_g(Apr 2005), v. 35(2) p. 119-124
_wBR2018000764
909 _a202311
_bLúcia
_c55
_dLúcia Elande
942 _2AGRIS
_n0
_cANA
999 _c254021
_d254021